| 000 | 00374nam a22001577a 4500 | ||
|---|---|---|---|
| 999 |
_c260494 _d260493 |
||
| 003 | OSt | ||
| 005 | 20230823111220.0 | ||
| 008 | 230823b xxu||||| |||| 00| 0 eng d | ||
| 020 | _a9788131704714 | ||
| 040 | _cN/A | ||
| 100 | _aRoger Cox et al | ||
| 245 |
_aRetailing: _bAn Introduction |
||
| 250 | _a5th Edition | ||
| 260 |
_aNew Delhi _bPearson _c2004 |
||
| 942 |
_2lcc _cBK |
||